Financial practice and education: FPE: journal of the Financial Management Association (Record no. 38198)

MARC details
000 -LEADER
fixed length control field 00482nam a2200145Ia 4500
022 ## - INTERNATIONAL STANDARD SERIAL NUMBER
ISSN 10820698
050 ## - CALL MARK
Classification number HG 152 .F55/
245 #0 - TITLE STATEMENT
Title Financial practice and education: FPE: journal of the Financial Management Association
260 ## - PUBLICATION, DISTRIBUTION, ETC. (IMPRINT)
Name of publisher Education Trust Fund
300 ## - PHYSICAL DESCRIPTION
Number of Pages 248 p. : ill. ; 28 cm.
650 ## - SUBJECT ADDED ENTRY--TOPICAL TERM
Topical Term Finance--Study and teaching--Periodicals. Business education--Periodicals.
942 ## - ADDED ENTRY ELEMENTS (KOHA)
Koha item type Serials

No items available.